000
00343pab a2200145 454500
008
180718b1985 xxu||||| |||| 00| 0 eng d
100
_a
Sandesara, J.C.
245
_a
Report on black money
260
_c
1985
300
_a
1433-7
362
_a
24 Aug.
650
_a
Money - India
773
_a
Economic and Political Weekly
909
_a
13714
999
_c
13714
_d
13714